01211cam a22003375a 4500003000900000005001700009008004100026020001500067020001800082040004300100082001900143100006500162245006700227264003600294300003200330336002600362337002800388338002700416490001900443590001700462650003600479650003800515650004200553651001000595653002500605655002400630700005500654942002300709999001500732952012600747EG-ScBUE20220123101246.0150827s2005 nyu f 000 f eng d a0553211021 a9780553211023 aEG-ScBUEbengerdacEG-ScBUEdEG-ScBUE04a823.8bDIC2221 aDickens, Charles,‏ d1812-1870,eauthor.93548410aOliver twist /cCharles Dickens ; introduction by Irving Howe. 1aNew York :bBantam Book,c2005. axxviii, 445 pages ;c20 cm. 2rdacontentatextbtxt 2rdamediaaunmediatedbn 2rdacarrieravolumebnc0 aBantam classic adoaa mohamed 7aOrphansvFiction.2BUEsh935476 7aCriminalsvFiction.2BUEsh934179 7aPoor childrenvFiction.2BUEsh940874 2BUEsh cAugust2015bHHUUEENN vReading book9342321 aHowe, Irving,eauthor of introduction, etc.935076 k823.8 DIC2ddccBB c3210d3210 00102ddc4070aMAINbMAINc2NDd2007-03-27ePurchasel10m38o823.8 DICp000030570r2025-07-15 00:00:00s2024-02-10yBB